=LDR 00000nam 2200000 4500 =001 NUTBA000000000004333 =005 20140911102342.0 =006 =007 =008 =020 ##$$a 979-795-616-4 =035 ##$$a 0010-091400000000366 =040 ##$$a NBPDMAT =082 ##$$a 540.1 =084 ##$$a 540.1 Sum m =100 ##$$a Sumarjono =245 ##$$a Miini Book Master kimia SMA Kelas X,XI dan XII / $c Penyusun Sumarjono =250 ##$$a Cet. 1 =260 ##$$a Jakarta : $b Wahyu Media, $c 2012 =300 ##$$a xi, 268 hlm. : $b ilus. ; $c 14 cm. =650 ##$$a Kimia-SMA =990 ##$$a 21410152 =990 ##$$a 21410155 =990 ##$$a 21410152 =990 ##$$a 21410153 =990 ##$$a 21410154 =990 ##$$a 21410156